[Event "15. Obert Int. Sant Martí 2013 - B"]
[Site "Barcelona ESP"]
[Date "2013.07.21"]
[Round "9.29"]
[White "Cano Sevila, Ivan"]
[Black "Fuentes Barrientos, Carlos"]
[Result "1-0"]
[WhiteElo "1672"]
[BlackElo "1792"]
[PlyCount "111"]
[EventDate "2013.07.13"]
[EventType "swiss"]
[EventRounds "9"]
[EventCountry "ESP"]
[SourceTitle "Ajedrez en Madrid"]
[Source "lmi"]
[SourceDate "2013.07.13"]
[SourceVersion "1"]
[SourceVersionDate "2019.06.21"]
[SourceQuality "1"]

1. d4 g6 2. Bf4 Bg7 3. Nf3 d6 4. e3 c6 5. c3 Qb6 6. Qb3 Be6 7. Qxb6 axb6 8. a3
Nf6 9. h3 Nd5 10. Bg3 h6 11. Nbd2 f5 12. Bd3 Nd7 13. e4 N5f6 14. e5 dxe5 15.
Nxe5 Nxe5 16. Bxe5 Kf7 17. O-O Nd7 18. Bxg7 Kxg7 19. Rfe1 Kf6 20. Re2 Rhe8 21.
Rae1 Bf7 22. Nf3 b5 23. Ne5 Nxe5 24. Rxe5 Rad8 25. f4 Rd5 26. g4 fxg4 27. hxg4
Rxe5 28. Rxe5 Bb3 29. Kf2 e6 30. Kg3 Rf8 31. Re1 Rf7 32. g5+ Kg7 33. gxh6+ Kf6
34. Rh1 Rh7 35. Be4 Ba4 36. Kg4 Bb3 37. Kf3 Bd5 38. Ke3 Bc4 39. Kd2 Bb3 40. Rh2
Ba4 41. c4 bxc4 42. Kc3 Bb3 43. Kb4 Ba2 44. a4 c3 45. Kxc3 Bd5 46. Kd3 Bxe4+
47. Kxe4 Rh8 48. h7 Ke7 49. Ke5 b6 50. b4 Kf7 51. Kd6 c5 52. bxc5 bxc5 53. dxc5
g5 54. c6 Rd8+ 55. Kc7 Rh8 56. Kb7 1-0

[Event "15. Obert Int. Sant Martí 2013 - B"]
[Site "Barcelona ESP"]
[Date "2013.07.21"]
[Round "9.30"]
[White "Llopis Jordan, Lluis"]
[Black "Alvarez Albiol, Victor"]
[Result "1-0"]
[WhiteElo "1786"]
[BlackElo "1546"]
[PlyCount "37"]
[EventDate "2013.07.13"]
[EventType "swiss"]
[EventRounds "9"]
[EventCountry "ESP"]
[SourceTitle "Ajedrez en Madrid"]
[Source "lmi"]
[SourceDate "2013.07.13"]
[SourceVersion "1"]
[SourceVersionDate "2019.06.21"]
[SourceQuality "1"]

1. d4 d5 2. c4 dxc4 3. e4 e5 4. Nf3 Bg4 5. Bxc4 Nf6 6. Qb3 Bd6 7. Bxf7+ Kf8 8.
Nxe5 Bxe5 9. dxe5 Nxe4 10. Be3 Qd1+ 11. Qxd1 Bxd1 12. Bd5 c6 13. Bxe4 Bh5 14.
Nc3 Nd7 15. f4 Ke7 16. O-O Nb6 17. b3 Rad8 18. f5 Nd5 19. Bg5+ 1-0

[Event "15. Obert Int. Sant Martí 2013 - B"]
[Site "Barcelona ESP"]
[Date "2013.07.21"]
[Round "9.31"]
[White "Garrido Prats, Diego"]
[Black "Ji, Pablo"]
[Result "1-0"]
[WhiteElo "1776"]
[BlackElo "1546"]
[PlyCount "33"]
[EventDate "2013.07.13"]
[EventType "swiss"]
[EventRounds "9"]
[EventCountry "ESP"]
[SourceTitle "Ajedrez en Madrid"]
[Source "lmi"]
[SourceDate "2013.07.13"]
[SourceVersion "1"]
[SourceVersionDate "2019.06.21"]
[SourceQuality "1"]

1. d4 Nf6 2. Nf3 c5 3. c3 cxd4 4. cxd4 d6 5. Bf4 g6 6. Nc3 Bg7 7. Qd2 Nbd7 8.
Bh6 O-O 9. Bxg7 Kxg7 10. h4 b6 11. h5 Bb7 12. hxg6 fxg6 13. Qh6+ Kh8 14. Ng5
Qe8 15. Nxh7 Kg8 16. Ng5 Nh5 17. Qh7# 1-0

[Event "15. Obert Int. Sant Martí 2013 - B"]
[Site "Barcelona ESP"]
[Date "2013.07.21"]
[Round "9.33"]
[White "Poyato Ruiz, Fernando"]
[Black "Sanchez Paz, Josep"]
[Result "0-1"]
[WhiteElo "1849"]
[BlackElo "1710"]
[PlyCount "64"]
[EventDate "2013.07.13"]
[EventType "swiss"]
[EventRounds "9"]
[EventCountry "ESP"]
[SourceTitle "Ajedrez en Madrid"]
[Source "lmi"]
[SourceDate "2013.07.13"]
[SourceVersion "1"]
[SourceVersionDate "2019.06.21"]
[SourceQuality "1"]

1. d4 Nf6 2. c4 e6 3. Nc3 Be7 4. Bg5 d5 5. e3 O-O 6. Nf3 c5 7. Bd3 Nc6 8. O-O
Nb4 9. Be2 b6 10. Ne5 Bb7 11. a3 Nc6 12. Nxc6 Bxc6 13. dxc5 dxc4 14. cxb6 Qxb6
15. Qc2 h6 16. Bh4 g5 17. Bg3 Qb7 18. f3 Bc5 19. Bf2 g4 20. e4 gxf3 21. Bxc5
Nxe4 22. Bxf8 fxe2 23. Qxe2 Nxc3 24. bxc3 Kxf8 25. Qd2 Kg7 26. Qd4+ Kh7 27. Rf6
Rg8 28. Qf4 Qb6+ 29. Kf1 Bxg2+ 30. Ke2 Qb2+ 31. Qd2 Bf3+ 32. Rxf3 Rg2+ 0-1

[Event "15. Obert Int. Sant Martí 2013 - B"]
[Site "Barcelona ESP"]
[Date "2013.07.21"]
[Round "9.34"]
[White "Muratet Casadevall, Jordi"]
[Black "Vigier Lopez, Carlos"]
[Result "0-1"]
[WhiteElo "1734"]
[BlackElo "1830"]
[PlyCount "112"]
[EventDate "2013.07.13"]
[EventType "swiss"]
[EventRounds "9"]
[EventCountry "ESP"]
[SourceTitle "Ajedrez en Madrid"]
[Source "lmi"]
[SourceDate "2013.07.13"]
[SourceVersion "1"]
[SourceVersionDate "2019.06.21"]
[SourceQuality "1"]

1. e4 Nc6 2. Nf3 d6 3. d4 Nf6 4. d5 Nb8 5. Nc3 g6 6. Bg5 Bg7 7. Qd2 h6 8. Be3
Bd7 9. e5 dxe5 10. Nxe5 c6 11. Nxd7 Qxd7 12. O-O-O Nxd5 13. Nxd5 cxd5 14. Qxd5
Qxd5 15. Rxd5 Nc6 16. Bb5 O-O 17. Bxc6 bxc6 18. Rd7 Rfb8 19. c3 e6 20. Rhd1 a5
21. f4 a4 22. a3 h5 23. R1d6 Rc8 24. Rb7 Rd8 25. Rxc6 Rd3 26. Bd4 Bxd4 27. Kc2
Re3 28. cxd4 Re2+ 29. Kd3 Rxg2 30. Rcc7 Rf8 31. Kc3 Rxh2 32. Ra7 Rh3+ 33. Kc4
Rb3 34. d5 Rxb2 35. d6 h4 36. Rab7 Rxb7 37. Rxb7 h3 38. Rb1 Rc8+ 39. Kd4 Rc6
40. Ke5 Rc5+ 41. Kf6 Rd5 42. Ke7 e5 43. fxe5 Rxe5+ 44. Kd8 Kf8 45. d7 Rc5 46.
Re1 h2 47. Re8+ Kg7 48. Re1 g5 49. Ke8 Rd5 50. Rh1 Re5+ 51. Kd8 Re2 52. Kc8
Rc2+ 53. Kb8 Rd2 54. Kc8 g4 55. Re1 g3 56. Re2 Rxd7 0-1

[Event "15. Obert Int. Sant Martí 2013 - B"]
[Site "Barcelona ESP"]
[Date "2013.07.21"]
[Round "9.35"]
[White "Fuertes Buisac, Bernat"]
[Black "Corominas Garrido, Antonio"]
[Result "1/2-1/2"]
[WhiteElo "1686"]
[BlackElo "1807"]
[PlyCount "38"]
[EventDate "2013.07.13"]
[EventType "swiss"]
[EventRounds "9"]
[EventCountry "ESP"]
[SourceTitle "Ajedrez en Madrid"]
[Source "lmi"]
[SourceDate "2013.07.13"]
[SourceVersion "1"]
[SourceVersionDate "2019.06.21"]
[SourceQuality "1"]

1. d4 Nf6 2. Nf3 d5 3. c4 c6 4. Nc3 Bf5 5. cxd5 Nxd5 6. Qb3 Qb6 7. Qxb6 Nxb6 8.
e4 Bg6 9. Be2 e6 10. Ne5 N8d7 11. Nxg6 hxg6 12. Bf4 Be7 13. O-O O-O 14. a4 a5
15. Rfd1 Rac8 16. d5 cxd5 17. exd5 e5 18. Be3 Bc5 19. Bb5 f5 1/2-1/2

[Event "15. Obert Int. Sant Martí 2013 - B"]
[Site "Barcelona ESP"]
[Date "2013.07.21"]
[Round "9.36"]
[White "Petit Montes, Marc"]
[Black "Albert Cristobal, Jorge"]
[Result "1-0"]
[WhiteElo "1656"]
[BlackElo "1802"]
[PlyCount "91"]
[EventDate "2013.07.13"]
[EventType "swiss"]
[EventRounds "9"]
[EventCountry "ESP"]
[SourceTitle "Ajedrez en Madrid"]
[Source "lmi"]
[SourceDate "2013.07.13"]
[SourceVersion "1"]
[SourceVersionDate "2019.06.21"]
[SourceQuality "1"]

1. b3 Nf6 2. Bb2 d5 3. e3 Bf5 4. f4 e6 5. Nf3 Nbd7 6. Be2 c6 7. O-O Qc7 8. Ne5
Nxe5 9. Bxe5 Bd6 10. d4 h5 11. h3 O-O-O 12. Nd2 Be4 13. c4 Rh6 14. c5 Bxe5 15.
fxe5 Nh7 16. Nxe4 dxe4 17. Qc2 f5 18. Bc4 Qe7 19. b4 Rg6 20. b5 Ng5 21. Kh2 Qc7
22. bxc6 Qxc6 23. Rab1 Nf7 24. Bb5 Qc7 25. c6 Kb8 26. Rfc1 b6 27. a4 Rd5 28. a5
Nxe5 29. dxe5 Qxe5+ 30. Kh1 Rxb5 31. c7+ Kc8 32. Qc6 Rc5 33. Qe8+ Kxc7 34. Qxg6
Qf6 35. Qxf6 gxf6 36. Rxc5+ bxc5 37. a6 e5 38. Rb7+ Kc6 39. Rxa7 Kb6 40. Rf7
Kxa6 41. Rxf6+ Kb5 42. Rxf5 Kb4 43. Rxe5 c4 44. Rxe4 Kb3 45. Re8 c3 46. Rc8 1-0

[Event "15. Obert Int. Sant Martí 2013 - B"]
[Site "Barcelona ESP"]
[Date "2013.07.21"]
[Round "9.37"]
[White "Lopez Pujol, Hector"]
[Black "Benet Saniger, Xavier"]
[Result "0-1"]
[WhiteElo "1885"]
[BlackElo "1797"]
[PlyCount "102"]
[EventDate "2013.07.13"]
[EventType "swiss"]
[EventRounds "9"]
[EventCountry "ESP"]
[SourceTitle "Ajedrez en Madrid"]
[Source "lmi"]
[SourceDate "2013.07.13"]
[SourceVersion "1"]
[SourceVersionDate "2019.06.21"]
[SourceQuality "1"]

1. d4 d5 2. Nf3 Nf6 3. e3 c6 4. c4 e6 5. Nc3 Nbd7 6. c5 a5 7. a3 b6 8. Qa4 Bb7
9. Qb3 Qc7 10. cxb6 Nxb6 11. Bd2 Bd6 12. Rc1 Qd8 13. Na4 Nxa4 14. Qxb7 O-O 15.
Qb3 Nb6 16. Rxc6 Nc8 17. Bd3 Rb8 18. Qc2 Ne4 19. Bc1 Ne7 20. Ra6 Rc8 21. Qd1
Qc7 22. O-O Nc6 23. Qa4 Nf6 24. Bd2 Nd7 25. Bxa5 Qb7 26. Qb5 Qxb5 27. Bxb5 Ndb8
28. Rb6 Bc7 29. Rxc6 Nxc6 30. Bxc7 Rxc7 31. Rc1 Rfc8 32. Bxc6 Rxc6 33. Rxc6
Rxc6 34. Kf1 Rb6 35. b4 Ra6 36. Ne5 Kf8 37. b5 Rxa3 38. b6 Rb3 39. Ke2 f6 40.
Nd7+ Ke7 41. Nc5 Rxb6 42. Kf3 Kd6 43. Nd3 e5 44. dxe5+ fxe5 45. Kg4 d4 46. f4
e4 47. Ne5 d3 48. Nc4+ Kc5 49. Nd2 Kd5 50. Kf5 g6+ 51. Kg5 Rb2 0-1

[Event "15. Obert Int. Sant Martí 2013 - B"]
[Site "Barcelona ESP"]
[Date "2013.07.21"]
[Round "9.38"]
[White "Salazar Navas, Josep"]
[Black "Santamaria Torres, Sergio"]
[Result "0-1"]
[WhiteElo "1789"]
[BlackElo "1620"]
[PlyCount "46"]
[EventDate "2013.07.13"]
[EventType "swiss"]
[EventRounds "9"]
[EventCountry "ESP"]
[SourceTitle "Ajedrez en Madrid"]
[Source "lmi"]
[SourceDate "2013.07.13"]
[SourceVersion "1"]
[SourceVersionDate "2019.06.21"]
[SourceQuality "1"]

1. e4 c5 2. Nc3 Nc6 3. g3 g6 4. Bg2 Bg7 5. d3 d6 6. Be3 e5 7. Qd2 Nge7 8. Bh6
O-O 9. h4 Bxh6 10. Qxh6 f6 11. Qd2 Nd4 12. h5 g5 13. h6 Be6 14. f4 exf4 15.
gxf4 gxf4 16. O-O-O Ng6 17. Rf1 Qa5 18. a3 b5 19. Nh3 b4 20. Nd5 Bxd5 21. exd5
Rae8 22. Nxf4 Nxf4 23. Qxf4 Ne2+ 0-1

[Event "15. Obert Int. Sant Martí 2013 - B"]
[Site "Barcelona ESP"]
[Date "2013.07.21"]
[Round "9.39"]
[White "Perez Cuadrado, Eduardo"]
[Black "Gomez Guinovart, Josep Manel"]
[Result "1/2-1/2"]
[WhiteElo "1783"]
[BlackElo "1670"]
[PlyCount "95"]
[EventDate "2013.07.13"]
[EventType "swiss"]
[EventRounds "9"]
[EventCountry "ESP"]
[SourceTitle "Ajedrez en Madrid"]
[Source "lmi"]
[SourceDate "2013.07.13"]
[SourceVersion "1"]
[SourceVersionDate "2019.06.21"]
[SourceQuality "1"]

1. e4 e6 2. d4 d5 3. exd5 exd5 4. Bd3 Bd6 5. Nf3 Ne7 6. O-O O-O 7. c3 Bf5 8.
Bg5 f6 9. Bh4 Bxd3 10. Qxd3 Qd7 11. Re1 Nf5 12. Bg3 Nxg3 13. hxg3 c6 14. Nbd2
Na6 15. b4 Rae8 16. a4 Nc7 17. Nb3 b6 18. a5 b5 19. Nc5 Bxc5 20. bxc5 a6 21.
Nh4 Rxe1+ 22. Rxe1 Re8 23. Rd1 g6 24. Qf3 Re6 25. Kh2 Qg7 26. Kg1 Qe7 27. Kh2
Qg7 28. Qg4 Kf7 29. Qf4 Kg8 30. Nf3 Re4 31. Qd6 Re6 32. Qf4 Ne8 33. Qb8 Qc7 34.
Qb6 Qc8 35. Re1 Ng7 36. Rxe6 Nxe6 37. Ne1 Kf7 38. Nd3 Ke7 39. Nb4 Nd8 40. Nxa6
Ke8 41. Nb8 Qf5 42. f3 Qg5 43. f4 Qh5+ 44. Kg1 Qd1+ 45. Kf2 Qd2+ 46. Kg1 Qd1+
47. Kh2 Qh5+ 48. Kg1 1/2-1/2

[Event "15. Obert Int. Sant Martí 2013 - B"]
[Site "Barcelona ESP"]
[Date "2013.07.21"]
[Round "9.40"]
[White "Tortosa Moros, Joan"]
[Black "Maria Oproae, Alex"]
[Result "1-0"]
[WhiteElo "1771"]
[BlackElo "1415"]
[PlyCount "67"]
[EventDate "2013.07.13"]
[EventType "swiss"]
[EventRounds "9"]
[EventCountry "ESP"]
[SourceTitle "Ajedrez en Madrid"]
[Source "lmi"]
[SourceDate "2013.07.13"]
[SourceVersion "1"]
[SourceVersionDate "2019.06.21"]
[SourceQuality "1"]

1. e4 c5 2. Nf3 Nc6 3. d4 cxd4 4. Nxd4 Nf6 5. Nc3 e5 6. Ndb5 d6 7. Bg5 a6 8.
Bxf6 gxf6 9. Na3 b5 10. Nd5 f5 11. c3 Bg7 12. Bd3 Be6 13. Nc2 Bxd5 14. exd5 Ne7
15. O-O Nxd5 16. Bxf5 Nf4 17. g3 Qg5 18. Be4 d5 19. Bxd5 Rd8 20. Bc6+ Ke7 21.
Qf3 Rd3 22. Qe4 f5 23. Qb4+ Kf6 24. Kh1 Nh5 25. Ne3 Rhd8 26. Qb3 Rxe3 27. fxe3
Rd2 28. Rf3 Qg4 29. Raf1 f4 30. exf4 Nxg3+ 31. Rxg3 Qe2 32. fxe5+ Kxe5 33. Bg2
Rxb2 34. Qd5# 1-0

[Event "15. Obert Int. Sant Martí 2013 - B"]
[Site "Barcelona ESP"]
[Date "2013.07.21"]
[Round "9.41"]
[White "Garcia Punzano, Josep Lluis"]
[Black "Febrero Perez, Lluis"]
[Result "1-0"]
[WhiteElo "1744"]
[BlackElo "1604"]
[PlyCount "71"]
[EventDate "2013.07.13"]
[EventType "swiss"]
[EventRounds "9"]
[EventCountry "ESP"]
[SourceTitle "Ajedrez en Madrid"]
[Source "lmi"]
[SourceDate "2013.07.13"]
[SourceVersion "1"]
[SourceVersionDate "2019.06.21"]
[SourceQuality "1"]

1. d4 Nf6 2. Nf3 g6 3. Bf4 Bg7 4. e3 O-O 5. Be2 b6 6. c4 Bb7 7. Nc3 d5 8. O-O
Nbd7 9. h3 c5 10. dxc5 Nxc5 11. Qc2 Nce4 12. Be5 e6 13. Rad1 Nxc3 14. Bxc3 Qe7
15. a3 Rfd8 16. Bb4 Qe8 17. a4 Rac8 18. Qb3 Ne4 19. Qa3 dxc4 20. Rxd8 Qxd8 21.
Rd1 Qc7 22. Qa2 a5 23. Ba3 c3 24. Qc4 Qxc4 25. Bxc4 Rxc4 26. Rd8+ Bf8 27. Rxf8+
Kg7 28. bxc3 Rxa4 29. Be7 Ra1+ 30. Kh2 Nxf2 31. Ne5 Rh1+ 32. Kg3 Ne4+ 33. Kh4
g5+ 34. Kh5 Rf1 35. Rb8 Rf5 36. Bf8+ 1-0

[Event "15. Obert Int. Sant Martí 2013 - B"]
[Site "Barcelona ESP"]
[Date "2013.07.21"]
[Round "9.44"]
[White "Ferre Navarro, Joan"]
[Black "Delgado Lozano, Jose Manuel"]
[Result "0-1"]
[WhiteElo "1609"]
[BlackElo "1927"]
[PlyCount "56"]
[EventDate "2013.07.13"]
[EventType "swiss"]
[EventRounds "9"]
[EventCountry "ESP"]
[SourceTitle "Ajedrez en Madrid"]
[Source "lmi"]
[SourceDate "2013.07.13"]
[SourceVersion "1"]
[SourceVersionDate "2019.06.21"]
[SourceQuality "1"]

1. e4 e5 2. Nf3 Nc6 3. Bc4 Nf6 4. d3 h6 5. Nc3 Bc5 6. a3 a5 7. O-O d6 8. h3 O-O
9. Be3 Ba7 10. Nb5 Bxe3 11. fxe3 Ne7 12. Nc3 c6 13. Nh4 d5 14. exd5 cxd5 15.
Bb3 d4 16. exd4 Qxd4+ 17. Kh1 Qxh4 18. Qf3 Nf5 19. Ne2 e4 20. dxe4 Nxe4 21.
Rad1 Neg3+ 22. Kg1 Nxf1 23. Rxf1 Ra6 24. Nf4 Nd4 25. Bxf7+ Rxf7 26. Qd5 Raf6
27. Qd8+ Kh7 28. Qxd4 Rxf4 0-1

[Event "15. Obert Int. Sant Martí 2013 - B"]
[Site "Barcelona ESP"]
[Date "2013.07.21"]
[Round "9.45"]
[White "Vargas Ramirez, Ana Maria"]
[Black "Serentill Tost, Eduard"]
[Result "1-0"]
[WhiteElo "1836"]
[BlackElo "1665"]
[PlyCount "99"]
[EventDate "2013.07.13"]
[EventType "swiss"]
[EventRounds "9"]
[EventCountry "ESP"]
[SourceTitle "Ajedrez en Madrid"]
[Source "lmi"]
[SourceDate "2013.07.13"]
[SourceVersion "1"]
[SourceVersionDate "2019.06.21"]
[SourceQuality "1"]

1. e4 e6 2. d4 d5 3. e5 c5 4. c3 Qb6 5. Bd3 Nc6 6. Nf3 Bd7 7. Bc2 cxd4 8. cxd4
Nh6 9. Nc3 Rc8 10. a3 g6 11. O-O Bg7 12. Rb1 a6 13. Na4 Qc7 14. Bd3 O-O 15. b4
f6 16. Re1 fxe5 17. Bxh6 Bxh6 18. Nxe5 Nxd4 19. Nxd7 Qxd7 20. Nb6 Qf7 21. Nxc8
Qxf2+ 22. Kh1 Rxc8 23. Qa4 Qf7 24. b5 Nxb5 25. Bxb5 axb5 26. Qxb5 Rc7 27. Qb6
Re7 28. Qd8+ Re8 29. Qd6 Re7 30. Rf1 Qe8 31. Rb6 Be3 32. Rb3 Bd4 33. Rfb1 b6
34. Re1 Bc5 35. Qe5 Rf7 36. h3 Rd7 37. Rf3 Rf7 38. Qxd5 Rxf3 39. Qxf3 Qf8 40.
Qxf8+ Kxf8 41. Rxe6 Bxa3 42. Rxb6 Kg7 43. Rb7+ Kh6 44. g4 g5 45. Kg2 Kg6 46.
Kf3 Bc5 47. Ke4 Bf8 48. Rb6+ Kf7 49. Kf5 h6 50. Rb7+ 1-0

[Event "15. Obert Int. Sant Martí 2013 - B"]
[Site "Barcelona ESP"]
[Date "2013.07.21"]
[Round "9.46"]
[White "Alquezar Calpena, Marc"]
[Black "Poyato Duran, David"]
[Result "0-1"]
[WhiteElo "1775"]
[BlackElo "1656"]
[PlyCount "52"]
[EventDate "2013.07.13"]
[EventType "swiss"]
[EventRounds "9"]
[EventCountry "ESP"]
[SourceTitle "Ajedrez en Madrid"]
[Source "lmi"]
[SourceDate "2013.07.13"]
[SourceVersion "1"]
[SourceVersionDate "2019.06.21"]
[SourceQuality "1"]

1. e4 e5 2. Nf3 Nc6 3. Bb5 a6 4. Ba4 b5 5. Bb3 Nf6 6. O-O Bc5 7. Nxe5 Nxe5 8.
d4 Bxd4 9. Qxd4 d6 10. c3 O-O 11. Bg5 Bb7 12. f4 c5 13. Qe3 Neg4 14. Qg3 Kh8
15. h3 Nh6 16. e5 dxe5 17. fxe5 Ne4 18. Bxd8 Nxg3 19. Be7 Rfe8 20. Bxc5 Nxf1
21. Kxf1 Rxe5 22. Bd4 Rf5+ 23. Kg1 Re8 24. Bc2 Re1+ 25. Kh2 Rff1 26. a4 Re2 0-1

[Event "15. Obert Int. Sant Martí 2013 - B"]
[Site "Barcelona ESP"]
[Date "2013.07.21"]
[Round "9.47"]
[White "Cuxart Taltavull, Albert"]
[Black "Cort Hidalgo, Jordi"]
[Result "1-0"]
[WhiteElo "1741"]
[BlackElo "1650"]
[PlyCount "129"]
[EventDate "2013.07.13"]
[EventType "swiss"]
[EventRounds "9"]
[EventCountry "ESP"]
[SourceTitle "Ajedrez en Madrid"]
[Source "lmi"]
[SourceDate "2013.07.13"]
[SourceVersion "1"]
[SourceVersionDate "2019.06.21"]
[SourceQuality "1"]

1. c4 Nf6 2. Nc3 g6 3. Nf3 Bg7 4. g3 O-O 5. Bg2 c5 6. O-O Nc6 7. d3 d6 8. a3
Rb8 9. e3 Bd7 10. Re1 a6 11. a4 Nb4 12. d4 Qc8 13. d5 b5 14. axb5 axb5 15. cxb5
Bxb5 16. Nxb5 Rxb5 17. e4 Nd7 18. Ra7 Rb7 19. Rxb7 Qxb7 20. Bh3 Na2 21. Bg5 Ne5
22. Nxe5 Bxe5 23. Qa4 Ra8 24. Qc6 Qa7 25. Bxe7 Nb4 26. Qd7 Qxd7 27. Bxd7 Ra7
28. Bxd6 Bxd6 29. Bc6 Nd3 30. Rb1 Ra2 31. f4 f6 32. Bb5 Nb4 33. Bc4 Ra8 34. Kf2
Re8 35. Kf3 Nc2 36. Bd3 Nd4+ 37. Kf2 Rb8 38. Bc4 g5 39. Ke3 Nc2+ 40. Kf3 Na3
41. Rc1 Nxc4 42. Rxc4 Rxb2 43. fxg5 fxg5 44. Kg4 Rxh2 45. Kxg5 Bxg3 46. Rxc5
Bd6 47. Rc6 Rg2+ 48. Kf5 Rg6 49. e5 Be7 50. d6 Kf7 51. Rc7 Re6 52. dxe7 Rxe7
53. e6+ Kf8 54. Rc8+ Kg7 55. Rc1 h6 56. Rg1+ Kh7 57. Kf6 Rb7 58. e7 Rb6+ 59.
Kf7 Rb2 60. Rf1 Re2 61. Rf6 h5 62. e8=Q Rxe8 63. Kxe8 Kg7 64. Ke7 h4 65. Rf4
1-0

[Event "15. Obert Int. Sant Martí 2013 - B"]
[Site "Barcelona ESP"]
[Date "2013.07.21"]
[Round "9.48"]
[White "Martin Sanchez, Antoni"]
[Black "Cantero Mitjans, Carles"]
[Result "1-0"]
[WhiteElo "1730"]
[BlackElo "1639"]
[PlyCount "93"]
[EventDate "2013.07.13"]
[EventType "swiss"]
[EventRounds "9"]
[EventCountry "ESP"]
[SourceTitle "Ajedrez en Madrid"]
[Source "lmi"]
[SourceDate "2013.07.13"]
[SourceVersion "1"]
[SourceVersionDate "2019.06.21"]
[SourceQuality "1"]

1. d4 c6 2. c4 d5 3. e3 Nf6 4. Nc3 Bf5 5. Nf3 e6 6. a3 Bd6 7. Be2 dxc4 8. Bxc4
Nbd7 9. O-O Nb6 10. Be2 h6 11. Nd2 Bc7 12. Bf3 O-O 13. Re1 Bh7 14. b4 Nbd5 15.
Bb2 Nxc3 16. Bxc3 Rc8 17. Rc1 a6 18. Qe2 Re8 19. Nb3 Qd6 20. g3 Bb6 21. Nd2 Ba7
22. Bb2 b5 23. Qf1 Nd7 24. Qg2 Nb8 25. Nb3 Bb6 26. Nc5 Bxc5 27. Rxc5 Bd3 28.
Rc3 Bc4 29. Rec1 Qd7 30. Rd1 Qd8 31. e4 Re7 32. Bc1 Rd7 33. Be3 a5 34. Rd2 a4
35. Bd1 Qf6 36. f4 Rcd8 37. Qf2 Qe7 38. Bxa4 bxa4 39. Rxc4 Na6 40. Rdc2 Nb8 41.
Rc1 Qf6 42. Qc2 Qg6 43. e5 Qg4 44. Kg2 Qf5 45. Qxf5 exf5 46. Rc5 Kf8 47. Ra5
1-0

[Event "15. Obert Int. Sant Martí 2013 - B"]
[Site "Barcelona ESP"]
[Date "2013.07.21"]
[Round "9.49"]
[White "Rodriguez Batuecas, Jordi"]
[Black "Sequera Morales, Genesis G."]
[Result "0-1"]
[WhiteElo "1630"]
[BlackElo "1726"]
[PlyCount "64"]
[EventDate "2013.07.13"]
[EventType "swiss"]
[EventRounds "9"]
[EventCountry "ESP"]
[SourceTitle "Ajedrez en Madrid"]
[Source "lmi"]
[SourceDate "2013.07.13"]
[SourceVersion "1"]
[SourceVersionDate "2019.06.21"]
[SourceQuality "1"]

1. e4 e5 2. Nf3 Nc6 3. d4 exd4 4. Nxd4 Bc5 5. Be3 Qf6 6. c3 Qg6 7. Qf3 Nf6 8.
Nd2 Ne5 9. Qf5 d6 10. Qxg6 hxg6 11. Nb5 Bxe3 12. Nxc7+ Kd8 13. Nxa8 Bxd2+ 14.
Kxd2 Nxe4+ 15. Ke3 Bf5 16. Be2 Nf6 17. f3 g5 18. Rad1 Kd7 19. Bb5+ Nc6 20. Bc4
Bg6 21. Kf2 Rxa8 22. Rd2 Kc7 23. Rhd1 Rd8 24. Bb3 g4 25. Bc2 Bh5 26. Re1 gxf3
27. gxf3 Ne5 28. Bd1 Nc4 29. Rde2 Ne5 30. Rd2 Bg6 31. Bc2 Bxc2 32. Rxc2 Nd3+
0-1

[Event "15. Obert Int. Sant Martí 2013 - B"]
[Site "Barcelona ESP"]
[Date "2013.07.21"]
[Round "9.50"]
[White "Abascal Vicente, Ignacio"]
[Black "Sequera Morales, Jose David"]
[Result "0-1"]
[WhiteElo "1715"]
[BlackElo "1575"]
[PlyCount "62"]
[EventDate "2013.07.13"]
[EventType "swiss"]
[EventRounds "9"]
[EventCountry "ESP"]
[SourceTitle "Ajedrez en Madrid"]
[Source "lmi"]
[SourceDate "2013.07.13"]
[SourceVersion "1"]
[SourceVersionDate "2019.06.21"]
[SourceQuality "1"]

1. e4 c5 2. Nf3 Nc6 3. d4 cxd4 4. Nxd4 Nf6 5. Nc3 e5 6. Ndb5 d6 7. Nd5 Nxd5 8.
exd5 Ne7 9. c4 a6 10. Nc3 f5 11. Be2 Ng6 12. Bh5 Be7 13. b3 Bg5 14. Bb2 f4 15.
Bxg6+ hxg6 16. Ne4 Bf5 17. Qe2 Qe7 18. Ba3 Rd8 19. O-O Bh6 20. Rad1 Qh4 21.
Nxd6+ Rxd6 22. Qxe5+ Kf7 23. Bxd6 Bg5 24. h3 f3 25. Qg3 fxg2 26. Kxg2 Bxh3+ 27.
Kg1 Qh5 28. Rfe1 Bg4 29. Qh2 Bf3 30. Rd4 Bf6 31. Re3 Qg5+ 0-1

[Event "15. Obert Int. Sant Martí 2013 - B"]
[Site "Barcelona ESP"]
[Date "2013.07.21"]
[Round "9.51"]
[White "Boixader Arbo, Xavier"]
[Black "Muratet Carmona, Alexandra"]
[Result "0-1"]
[WhiteElo "1546"]
[BlackElo "1705"]
[PlyCount "92"]
[EventDate "2013.07.13"]
[EventType "swiss"]
[EventRounds "9"]
[EventCountry "ESP"]
[SourceTitle "Ajedrez en Madrid"]
[Source "lmi"]
[SourceDate "2013.07.13"]
[SourceVersion "1"]
[SourceVersionDate "2019.06.21"]
[SourceQuality "1"]

1. e4 c5 2. c3 e6 3. d4 cxd4 4. cxd4 d5 5. exd5 Qxd5 6. Nc3 Qd8 7. Nf3 Nc6 8.
Bc4 Nf6 9. O-O Be7 10. h3 O-O 11. Be3 a6 12. Ne5 Bd7 13. Nxd7 Qxd7 14. d5 Na5
15. Bd3 exd5 16. Bd4 Nc6 17. Bxf6 Bxf6 18. Nxd5 Qd6 19. Nxf6+ Qxf6 20. Qc2 g6
21. Be4 Rac8 22. Qb3 b5 23. Qf3 Qxf3 24. Bxf3 Rc7 25. Bxc6 Rxc6 26. a4 Rc2 27.
axb5 axb5 28. b4 Rd8 29. Ra5 Rd5 30. Raa1 Rb2 31. Rab1 Rdd2 32. g4 Kf8 33. Kg2
Ke7 34. Rxb2 Rxb2 35. Re1+ Kd6 36. Re4 f6 37. Rf4 Ke5 38. Kg3 Rb3+ 39. f3 Re3
40. h4 Re1 41. h5 Rg1+ 42. Kf2 Kxf4 43. Kxg1 Kxf3 44. hxg6 hxg6 45. g5 f5 46.
Kf1 Ke3 0-1

[Event "15. Obert Int. Sant Martí 2013 - B"]
[Site "Barcelona ESP"]
[Date "2013.07.21"]
[Round "9.52"]
[White "Rodriguez Monago, Juan Antonio"]
[Black "Fungueirino Pique, Daniel"]
[Result "0-1"]
[WhiteElo "1445"]
[BlackElo "1694"]
[PlyCount "56"]
[EventDate "2013.07.13"]
[EventType "swiss"]
[EventRounds "9"]
[EventCountry "ESP"]
[SourceTitle "Ajedrez en Madrid"]
[Source "lmi"]
[SourceDate "2013.07.13"]
[SourceVersion "1"]
[SourceVersionDate "2019.06.21"]
[SourceQuality "1"]

1. d4 d5 2. c4 c6 3. Nc3 Nf6 4. Nf3 Bf5 5. e3 e6 6. Bd3 Bxd3 7. Qxd3 Bb4 8. a3
Bxc3+ 9. Qxc3 Nbd7 10. O-O O-O 11. Qc2 Ne4 12. Nd2 f5 13. f3 Ng5 14. b4 Qf6 15.
f4 Ne4 16. Nf3 Kh8 17. Bb2 Rg8 18. cxd5 exd5 19. Rac1 h6 20. Qe2 Rae8 21. Rc2
Qe6 22. Bc1 Nef6 23. Re1 Re7 24. h3 Nh7 25. Kh1 g5 26. fxg5 Nxg5 27. Qf1 Ne4
28. Qe2 Ng3+ 0-1